Statistics for Three Letter Vocabulary Words

Click here to take the quiz!

General Stats

  • This quiz has been taken 59,611 times
    (52,007 since last reset)
  • The average score is 11 of 22

Answer Stats

DefinitionWord% Correct
Male equivalent to a lassLad
88%
What you sit on in churchPew
87%
Female sheepEwe
82%
Sound made by a doveCoo
78%
What a cow chews for the second timeCud
70%
Venomous snake that killed CleopatraAsp
67%
Type of Turkish hatFez
67%
Fish eggsRoe
61%
Large, clumsy, stupid manOaf
60%
Movement of the tide back out to seaEbb
59%
Ornamental carp of East AsiaKoi
53%
Mischievous child or minor demonImp
50%
Magical curseHex
49%
WildebeestGnu
39%
Jamaican musical genreSka
34%
Vigor's counterpartVim
33%
Mongrel dogCur
28%
Cacophony; Loud commotionDin
27%
Giant, extinct bird of New ZealandMoa
27%
DrunkardSot
25%
A dandyFop
20%
Scrap of foodOrt
13%

Score Distribution

Percentile by Number Answered

Percent of People with Each Score

Your Score History

You have not taken this quiz since the last reset